[Event "FRA-chT U20 16 GP Basse 1213"]
[Site "France"]
[Date "2013.05.19"]
[Round "10"]
[White "Huang, Kelu"]
[Black "Vincenzi, Leonard"]
[Result "1-0"]
[WhiteElo "1340"]
[BlackElo "1330"]
[PlyCount "109"]
[EventDate "2012.12.01"]
[EventType "team"]
[EventRounds "11"]
[EventCountry "FRA"]
[SourceTitle "EXT 2014"]
[Source "ChessBase"]
[SourceDate "2013.11.20"]
[SourceVersion "1"]
[SourceVersionDate "2013.11.20"]
[SourceQuality "1"]
[WhiteTeam "Grenoble (U20)"]
[BlackTeam "Lutece (U20)"]
[WhiteTeamCountry "FRA"]
[BlackTeamCountry "FRA"]

1. e4 e5 2. Nf3 Nc6 3. Bb5 a6 4. Ba4 Nf6 5. 0-0 Nxe4 6. Re1 d5 7. d3 Nf6 8. Nxe5 Be7 9. Nxc6 bxc6 10. Bxc6+ Bd7 11. Bxa8 Qxa8 12. Qe2 Be6 13. Nc3 0-0 14. Bf4 Bd6 15. Bxd6 cxd6 16. Qe3 Re8 17. Qd2 d4 18. Ne4 Nxe4 19. Rxe4 h6 20. f3 Qa7 21. Qf2 d5 22. Rxd4 Qd7 23. Re1 Qd6 24. Qd2 Re7 25. Qb4 Qxb4 26. Rxb4 Rc7 27. Rb8+ Kh7 28. Rc1 Bf5 29. Kf2 d4 30. Ke2 Re7+ 31. Kd2 g5 32. Re1 Be6 33. a3 Rd7 34. Rb6 Rd5 35. Rxa6 g4 36. fxg4 Bxg4 37. Re7 Rf5 38. Ke1 Bh5 39. Re4 f6 40. g4 Bxg4 41. Rxg4 Re5+ 42. Kd2 Rf5 43. Rg2 h5 44. Ra7+ Kh6 45. b4 h4 46. Ra5 Rf4 47. b5 h3 48. Re2 f5 49. b6 Kg5 50. b7 Kg4 51. b8Q Kf3 52. Qb7+ Kg4 53. Ra6 Kg5 54. Qg7+ Kh4 55. Rh6# 1-0

[Event "FRA-chT U20 16 GP Basse 1213"]
[Site "France"]
[Date "2013.05.18"]
[Round "8"]
[White "Lomandong, Marc Antoine"]
[Black "Vincenzi, Leonard"]
[Result "1-0"]
[WhiteElo "1603"]
[BlackElo "1330"]
[PlyCount "78"]
[EventDate "2012.12.01"]
[EventType "team"]
[EventRounds "11"]
[EventCountry "FRA"]
[SourceTitle "EXT 2014"]
[Source "ChessBase"]
[SourceDate "2013.11.20"]
[SourceVersion "1"]
[SourceVersionDate "2013.11.20"]
[SourceQuality "1"]
[WhiteTeam "Monaco (U20)"]
[BlackTeam "Lutece (U20)"]
[WhiteTeamCountry "FRA"]
[BlackTeamCountry "FRA"]

1. d4 d5 2. c4 c6 3. Nc3 Nf6 4. Nf3 Bf5 5. Bf4 e6 6. e3 Be7 7. Bd3 Bxd3 8. Qxd3 0-0 9. 0-0 Bd6 10. Bg3 a6 11. Rfe1 b5 12. c5 Bc7 13. a3 Bxg3 14. hxg3 Ng4 15. e4 Re8 16. exd5 cxd5 17. Nh2 Nxh2 18. Kxh2 Nd7 19. Re2 Nf6 20. Rae1 Ng4+ 21. Kg1 Qg5 22. f3 Nf6 23. Kf2 Re7 24. Re5 Qh6 25. Nxd5 Nxd5 26. Rxd5 exd5 27. Rxe7 Qc1 28. Qe2 h6 29. Rd7 Kf8 30. Rxd5 Re8 31. Re5 Rxe5 32. Qxe5 Qxb2+ 33. Kg1 Qxa3 34. Qb8+ Ke7 35. Qb7+ Kf6 36. c6 Qa1+ 37. Kh2 Qxd4 38. c7 h5 39. c8Q h4 1-0